000
00246nam a2200097Ia 4500
008
231107s2003 xx 000 0 und d
041
_a
eng
100
_a
Peter Stanver
245
_a
A Foundation Course in Drawing
260
_a
London
_b
Arcturus
_c
2003
999
_c
925182
_d
925182